000 01248nam a22003377a 4500
003 CHAP
005 20220329134329.0
008 971013s1979 r 00010 d
010 _a18887
011 _a19859
035 _a23944
040 _cCHAP
090 _aTesis
100 0 0 _aDíaz Belmontes, Alfredo.
_933383
245 _aEstudio de factibilidad económica para la siembra de tomnate (Lycopersicon esculentm Mill) de la variedad Roma para la región de Apodaca, N.L. durante el ciclo de primavera-verano de 1979
260 _aMonterrey. N.L. :
_bEl autor,
_c1979
300 _a87 h.
502 _aTesis (Ing. Agr. Administrador) -- ITESM. Div. de Ciencias Agropecuarias y Marítimas
590 _aALEPH
_b10
_c20130110
_lUCH01
_h1242
590 _aBATCH-UPD
_b10
_c20130110
_lUCH01
_h0223
590 _aBATCH-UPD
_b10
_c20130110
_lUCH01
_h1744
590 _aBATCH-UPD
_b10
_c20130409
_lUCH01
_h2244
590 _aBATCH-UPD
_b10
_c20130410
_lUCH01
_h1123
590 _aBATCH-UPD
_b10
_c20130914
_lUCH01
_h1945
590 _aCONVERSION
_b10
_c20130109
_lUCH01
_h1311
650 1 4 _aTomate
_xAspectos económicos.
_9113681
650 1 4 _aTomate
_xNuevo León.
_9113746
901 _aBK
942 _cTESIS
949 _bBC
_cTES
_d-55447
_eTS1
_i23944
_si
999 _c18887
_d18887